000
00236nam a2200109Ia 4500
008
240625s9999 xx 000 0 und d
041
_a
eng
082
_a
174.4 CRA
100
_a
CRANE ANDREW
245
_a
BUSINESS ETHICS
260
_c
2011
999
_c
38661
_d
38661